LIBRARY & INFORMATION CENTRE, KCAET, TAVANUR

ONLINE PUBLIC ACCESS CATALOGUE (OPAC)

Geotechnical engineering : (Record no. 14038)

MARC details
000 -LEADER
fixed length control field 00474cam a2200181 a 4500
020 ## - INTERNATIONAL STANDARD BOOK NUMBER
ISBN 9780132368681
020 ## - INTERNATIONAL STANDARD BOOK NUMBER
ISBN 0132368684
082 00 - DEWEY DECIMAL CLASSIFICATION NUMBER
Classification number 624.1/51
Item number COD/GE
100 1# - MAIN ENTRY--AUTHOR NAME
Personal name Coduto, Donald P.
245 10 - TITLE STATEMENT
Title Geotechnical engineering :
250 ## - EDITION STATEMENT
Edition statement 2nd ed.
260 ## - PUBLICATION, DISTRIBUTION, ETC. (IMPRINT)
Place of publication New Delhi
Name of publisher PHI Learning Private Limited
Year of publication 2010
300 ## - PHYSICAL DESCRIPTION
Number of Pages xx, 794 p. :
Other physical details ill. ;
650 #0 - SUBJECT ADDED ENTRY--TOPICAL TERM
Topical Term Geotechnical engineering.
700 1# - ADDED ENTRY--PERSONAL NAME
Personal name Yeung, Man-Chung,
700 1# - ADDED ENTRY--PERSONAL NAME
Personal name Kitch, William A.
942 ## - ADDED ENTRY ELEMENTS (KOHA)
Koha item type Books
Holdings
Withdrawn status Lost status Damaged status Collection code Home library Current library Shelving location Date acquired Source of acquisition Cost, normal purchase price Full call number Accession Number Koha item type
      Non-fiction KAUAET KAUAET General Stacks 30/03/2013 Aman Book Stall, Calicut 495.00 624.1/51 COD/GE 24049 Books
      Non-fiction KAUAET KAUAET General Stacks 30/03/2013 Aman Book Stall, Calicut 495.00 624.1/51 COD/GE 24050 Books
free website counter